Canada all time starting xi - Statistics

General Stats
  • This quiz has been taken 11 times
  • The average score is 3 of 11
Answer Stats
Hint Answer % Correct
DF(2017- Alphonso Davies
100%
FW(2018- Jonathan David
75%
GK(2011-2023 Milan Borjan
25%
MF(2003-2023 Atiba Hutchinson
13%
FW(2014- Cyle Larin
13%
FW(1999-2015 Dwayne de Rosario
13%
MF(2013- Jonathan Osorio
13%
MF(2002-2016 Julian de Guzmán
0%
DF(1991-2004 Mark Watson
0%
DF(1997-2010 Paul Stalteri
0%
DF(1983-1997 Randy Samuel
0%
No matching quizzes found
Score Distribution
Percent of People with Each Score
Percentile by Number Answered
Your Score History
You have not taken this quiz